| 000 | 01039cam a22003137a 4500 | ||
|---|---|---|---|
| 003 | CHAP | ||
| 005 | 20220329140624.0 | ||
| 008 | 971013s1961 r 00010 d | ||
| 010 | _a54894 | ||
| 011 | _a55866 | ||
| 035 | _a60019 | ||
| 040 | _cCHAP | ||
| 082 |
_a630.717 _bT8 |
||
| 100 | 0 | 0 |
_aTurner, Russell M. _9115670 |
| 245 | 1 | 4 | _aThe first 45 years; a history of cooperative extension in Washington State |
| 260 |
_aPullman, Wash. : _bExtension Service, _c1961 |
||
| 300 |
_a138 p. _b: ilus. |
||
| 490 | 0 |
_aEstension Miscellaneous Publication _v; 55 |
|
| 590 |
_aBATCH-UPD _b10 _c20130110 _lUCH01 _h0755 |
||
| 590 |
_aBATCH-UPD _b10 _c20130410 _lUCH01 _h1243 |
||
| 590 |
_aBATCH-UPD _b10 _c20130913 _lUCH01 _h2039 |
||
| 590 |
_aCONVERSION _b10 _c20130109 _lUCH01 _h1330 |
||
| 650 | 1 | 4 |
_aAgricultura _xE.U.A. _91408 |
| 650 | 1 | 4 |
_aExtensión agrÃcola. _939144 |
| 830 | 0 |
_aEstension Miscellaneous Publication _v; 55 _938288 |
|
| 901 | _aBK | ||
| 942 | _cLIBRO | ||
| 949 |
_a630.717 T8 _bBC _cLIBRO _d33724000036273 _eLIBRO _h19994 _i60019 _mD _si |
||
| 999 |
_c54894 _d54894 |
||